The messages workbook : (Record no. 6017)

MARC details
000 -LEADER
fixed length control field 01078cam a22003014a 4500
001 - CONTROL NUMBER
control field 13944622
003 - CONTROL NUMBER IDENTIFIER
control field OSt
005 - DATE AND TIME OF LATEST TRANSACTION
control field 20180227180057.0
008 - FIXED-LENGTH DATA ELEMENTS--GENERAL INFORMATION
fixed length control field 050427s2004 caua b 000 0 eng
010 ## - LIBRARY OF CONGRESS CONTROL NUMBER
LC control number 2005274720
020 ## - INTERNATIONAL STANDARD BOOK NUMBER
International Standard Book Number 1572243716
020 ## - INTERNATIONAL STANDARD BOOK NUMBER
International Standard Book Number 9781572243712
040 ## - CATALOGING SOURCE
Original cataloging agency DLC
Transcribing agency DLC
Modifying agency DLC
042 ## - AUTHENTICATION CODE
Authentication code pcc
082 00 - DEWEY DECIMAL CLASSIFICATION NUMBER
Classification number 302.2
Edition number 22
Item number DAV 2004
100 1# - MAIN ENTRY--PERSONAL NAME
Personal name Davis, Martha,
9 (RLIN) 12494
245 14 - TITLE STATEMENT
Title The messages workbook :
Remainder of title powerful strategies for effective communication at work & home /
Statement of responsibility, etc. Martha Davis, Kim Paleg, Patrick Fanning.
260 ## - PUBLICATION, DISTRIBUTION, ETC. (IMPRINT)
Place of publication, distribution, etc. Oakland, CA :
Name of publisher, distributor, etc. New Harbinger Publications,
Date of publication, distribution, etc. 2004.
300 ## - PHYSICAL DESCRIPTION
Extent v, 232 p. :
Other physical details ill. ;
Dimensions 28 cm.
440 #2 - SERIES STATEMENT/ADDED ENTRY--TITLE
Title A New Harbinger self-help workbook
9 (RLIN) 12495
504 ## - BIBLIOGRAPHY, ETC. NOTE
Bibliography, etc Includes bibliographical references (p. [231]-232).
650 #0 - SUBJECT ADDED ENTRY--TOPICAL TERM
Topical term or geographic name as entry element Interpersonal communication.
9 (RLIN) 10023
700 1# - ADDED ENTRY--PERSONAL NAME
Personal name Paleg, Kim.
9 (RLIN) 12496
700 1# - ADDED ENTRY--PERSONAL NAME
Personal name Fanning, Patrick.
9 (RLIN) 12497
906 ## - LOCAL DATA ELEMENT F, LDF (RLIN)
a 7
b cbc
c orignew
d 2
e ncip
f 20
g y-gencatlg
942 ## - ADDED ENTRY ELEMENTS (KOHA)
Source of classification or shelving scheme Dewey Decimal Classification
Koha item type Open Shelf
Holdings
Withdrawn status Lost status Source of classification or shelving scheme Damaged status Not for loan Home library Current library Date acquired Source of acquisition Inventory number Total Checkouts Full call number Barcode Date last seen Price effective from Koha item type
    Dewey Decimal Classification     MUST Main Library MUST Main Library 27/02/2018   2017/40551   302.2 DAV 2004 2018-0118 27/02/2018 27/02/2018 Open Shelf
    Dewey Decimal Classification     MUST Main Library MUST Main Library 27/02/2018   2017/40552   302.2 DAV 2004 2018-0119 27/02/2018 27/02/2018 Open Shelf